[Event "SVG Plettenberg 1 - SV Letmathe 1"]
[Site "Oberliga NRW 2019/2020"]
[Date "2019.11.10"]
[Round "3.7"]
[White "Adamski, Jan"]
[Black "Jansen, Dirk Norbert"]
[Result "1/2-1/2"]
[WhiteElo "2168"]
[BlackElo "2114"]
[PlyCount "43"]
[EventDate "2019.??.??"]
[SourceVersionDate "2020.03.16"]
[WhiteTeam "SV Letmathe 1"]
[BlackTeam "SVG Plettenberg 1"]

1. Nf3 f5 2. c4 Nf6 3. Nc3 d6 4. d3 Nc6 5. e4 e5 6. Be2 Be7 7. O-O O-O 8. exf5
Bxf5 9. Be3 Kh8 10. d4 Ng4 11. Bc1 exd4 12. Nxd4 Nxd4 13. Bxg4 Bxg4 14. Qxd4
Qd7 15. Be3 Bf6 16. Qd2 Bxc3 17. Qxc3 Rf6 18. f3 Be6 19. Rae1 Rg6 20. Kh1 Qf7
21. b3 b6 22. Bc1 1/2-1/2

[Event "SVG Plettenberg 1 - SV Letmathe 1"]
[Site "Oberliga NRW 2019/2020"]
[Date "2019.11.10"]
[Round "3.8"]
[White "Kuhnen, Thomas"]
[Black "Hunold, Rolf"]
[Result "1-0"]
[WhiteElo "2008"]
[BlackElo "1945"]
[PlyCount "59"]
[EventDate "2019.??.??"]
[SourceVersionDate "2020.03.16"]
[WhiteTeam "SVG Plettenberg 1"]
[BlackTeam "SV Letmathe 1"]

1. e4 c5 2. Nf3 e6 3. d4 cxd4 4. Nxd4 a6 5. Bd3 Nf6 6. O-O Qc7 7. Qe2 d6 8. c3
Be7 9. Nd2 Nbd7 10. f4 b5 11. N2f3 Nc5 12. Bc2 Bb7 13. Ng5 h6 14. Nxf7 Kxf7 15.
e5 Rhe8 16. exf6 Bxf6 17. Qh5+ Kf8 18. Be3 Be4 19. Bxe4 Nxe4 20. f5 Bxd4 21.
cxd4 Nf6 22. Qh4 e5 23. Bxh6 exd4 24. Qxf6+ Kg8 25. Qg6 Qf7 26. Qg4 Kh7 27. Bg5
Qd5 28. f6 g6 29. Qh4+ Kg8 30. f7+ 1-0

[Event "Bahn-SC Wuppertal 1 - SK Münster 1"]
[Site "Oberliga NRW 2019/2020"]
[Date "2019.11.10"]
[Round "3.1"]
[White "Webb, Laurence"]
[Black "Kazakov, Mikhail"]
[Result "0-1"]
[WhiteElo "2270"]
[BlackElo "2510"]
[PlyCount "140"]
[EventDate "2019.??.??"]
[SourceVersionDate "2020.03.16"]
[WhiteTeam "SK Münster 1"]
[BlackTeam "Bahn-SC Wuppertal 1"]

1. d4 Nf6 2. c4 e6 3. Nc3 Bb4 4. e3 O-O 5. Nge2 d5 6. a3 Bd6 7. Nf4 Bxf4 8.
exf4 dxc4 9. Bxc4 Nbd7 10. O-O Nb6 11. Bb3 Bd7 12. Be3 Bc6 13. Qd3 Qd6 14. Rad1
Nbd5 15. g3 Nxc3 16. Qxc3 Bd5 17. Rc1 Bxb3 18. Qxb3 Qd5 19. Qxd5 Nxd5 20. Rc5
Rfd8 21. Kg2 a5 22. a4 Rd6 23. Rb1 Kf8 24. Bd2 Ke8 25. b3 b6 26. Rc4 Rad8 27.
Kf3 Kd7 28. Rbc1 Kc8 29. h3 Kb7 30. g4 R8d7 31. Be3 f5 32. Rg1 Nb4 33. gxf5
exf5 34. Ke2 Nd5 35. Rg5 Rf7 36. Kf3 Rh6 37. Rg3 Rh4 38. Rc1 Re7 39. Rh1 g6 40.
Rg5 Nf6 41. Kg3 Rh5 42. Rxh5 Nxh5+ 43. Kf3 Re6 44. Rc1 Nf6 45. Ke2 Nd5 46. Kf3
Rc6 47. Rxc6 Kxc6 48. Ke2 Ne7 49. Kd3 Kd5 50. f3 Nc6 51. Bf2 Nd8 52. Bg1 Ne6
53. Be3 c6 54. h4 b5 55. b4 axb4 56. a5 Nc7 57. Bc1 Na6 58. Bb2 c5 59. dxc5
Nxc5+ 60. Kc2 Kc4 61. Bf6 b3+ 62. Kd2 b4 63. Be7 Kb5 64. Bd6 Na6 65. Kc1 Kxa5
66. Kb2 Ka4 67. Be7 Nc7 68. Bd6 Nd5 69. Be5 Ne3 70. Bf6 Nc4+ 0-1

[Event "Bahn-SC Wuppertal 1 - SK Münster 1"]
[Site "Oberliga NRW 2019/2020"]
[Date "2019.11.10"]
[Round "3.2"]
[White "Savchenko, Vyacheslav"]
[Black "Holtel, Jasper"]
[Result "1-0"]
[WhiteElo "2345"]
[BlackElo "2271"]
[PlyCount "113"]
[EventDate "2019.??.??"]
[SourceVersionDate "2020.03.16"]
[WhiteTeam "Bahn-SC Wuppertal 1"]
[BlackTeam "SK Münster 1"]

1. e4 c5 2. Nf3 d6 3. Bb5+ Nd7 4. O-O a6 5. Bd3 Ngf6 6. c3 b5 7. Re1 Bb7 8. Bc2
e6 9. a4 Be7 10. Na3 O-O 11. d3 b4 12. Nc4 d5 13. exd5 Nxd5 14. cxb4 Nxb4 15.
Bb1 Nf6 16. Bf4 Rc8 17. a5 Nfd5 18. Bg3 Qd7 19. d4 Rfd8 20. Nce5 Qe8 21. Qe2
cxd4 22. Nxd4 Nf4 23. Bxf4 Rxd4 24. Be3 Rd5 25. Nf3 Bd8 26. Nd4 g6 27. Be4 Rd7
28. Bxb7 Rxb7 29. h3 Rd7 30. Red1 Rd5 31. Nb3 Qb5 32. Qxb5 Rxb5 33. Rac1 Ra8
34. Rc5 Rb7 35. Bd4 Be7 36. Rc4 Rd8 37. Rd2 Nd5 38. Nc5 Bxc5 39. Rxc5 Rbb8 40.
Be5 Rbc8 41. Rdc2 Rxc5 42. Rxc5 Kf8 43. Rc6 Ra8 44. g4 Ke7 45. g5 Kd7 46. Rd6+
Ke7 47. Rb6 Kd8 48. Rb7 Ke8 49. b4 Rd8 50. b5 Nb4 51. Bf6 Rc8 52. Re7+ Kf8 53.
b6 Nc6 54. b7 Re8 55. Rxe8+ Kxe8 56. Be5 Nxe5 57. b8=Q+ 1-0

[Event "Bahn-SC Wuppertal 1 - SK Münster 1"]
[Site "Oberliga NRW 2019/2020"]
[Date "2019.11.10"]
[Round "3.4"]
[White "Biriukov, Nikolai"]
[Black "Muschik, Benedikt"]
[Result "1-0"]
[WhiteElo "2326"]
[BlackElo "2265"]
[PlyCount "139"]
[EventDate "2019.??.??"]
[SourceVersionDate "2020.03.16"]
[WhiteTeam "Bahn-SC Wuppertal 1"]
[BlackTeam "SK Münster 1"]

1. Nf3 g6 2. e4 Bg7 3. d4 d6 4. Nc3 a6 5. a4 b6 6. Bc4 e6 7. Bg5 Ne7 8. Qd2 h6
9. Be3 Nd7 10. O-O Bb7 11. Rae1 Nf6 12. d5 e5 13. h3 g5 14. h4 Ng4 15. hxg5
Nxe3 16. fxe3 Qd7 17. Nh2 hxg5 18. Be2 Ng8 19. Rf5 Qe7 20. Ref1 Nh6 21. R5f2
Bc8 22. g4 Qf8 23. Qd3 Qg8 24. Qc4 Ra7 25. Rg2 Qh7 26. Kf2 Ng8 27. Ke1 Nf6 28.
Bf3 Bd7 29. Qd3 Qg6 30. Kd1 Rh4 31. Kc1 Ke7 32. Kb1 Ra8 33. Rff2 Qh7 34. Qc4
Ra7 35. Qb4 Qh8 36. Ne2 a5 37. Qc4 b5 38. axb5 Qb8 39. Nc3 Rb7 40. Be2 Qc8 41.
Ka2 Qb8 42. Nf3 Rxg4 43. Nxe5 Rxg2 44. Nxd7 Nxd7 45. Rxg2 Ne5 46. Qd4 Bf6 47.
Qd1 Qa7 48. Qd2 a4 49. Nb1 Rb8 50. Na3 Rh8 51. c3 Rh3 52. Nc2 a3 53. Qd4 Qa5
54. Nxa3 Nd7 55. Qd2 Qa7 56. Bg4 Rh4 57. Bxd7 Kxd7 58. Qf2 Ke7 59. Qf3 Qa8 60.
Rf2 Qh8 61. e5 dxe5 62. d6+ cxd6 63. b6 g4 64. Qb7+ Ke6 65. Nb5 Rh6 66. Nc7+
Ke7 67. Nd5+ Ke6 68. e4 g3 69. Rxf6+ Qxf6 70. Qc8# 1-0

[Event "Bahn-SC Wuppertal 1 - SK Münster 1"]
[Site "Oberliga NRW 2019/2020"]
[Date "2019.11.10"]
[Round "3.5"]
[White "Wilde, Pierre"]
[Black "Bashilin, Roman"]
[Result "1/2-1/2"]
[WhiteElo "2220"]
[BlackElo "2250"]
[PlyCount "42"]
[EventDate "2019.??.??"]
[SourceVersionDate "2020.03.16"]
[WhiteTeam "SK Münster 1"]
[BlackTeam "Bahn-SC Wuppertal 1"]

1. c4 e5 2. g3 Nc6 3. Nc3 g6 4. Bg2 Bg7 5. e4 d6 6. Nge2 f5 7. d3 Nf6 8. O-O
O-O 9. Nd5 h6 10. Be3 g5 11. exf5 Bxf5 12. h3 Kh8 13. g4 Bg6 14. Ng3 Nxd5 15.
Bxd5 Nd4 16. Bxd4 exd4 17. Rb1 c6 18. Be4 Bxe4 19. dxe4 Be5 20. Nf5 Qf6 21. Kg2
h5 1/2-1/2

[Event "Bahn-SC Wuppertal 1 - SK Münster 1"]
[Site "Oberliga NRW 2019/2020"]
[Date "2019.11.10"]
[Round "3.6"]
[White "Ries, Benjamin"]
[Black "Schmitzer, Klaus"]
[Result "1-0"]
[WhiteElo "2252"]
[BlackElo "2242"]
[PlyCount "61"]
[EventDate "2019.??.??"]
[SourceVersionDate "2020.03.16"]
[WhiteTeam "Bahn-SC Wuppertal 1"]
[BlackTeam "SK Münster 1"]

1. d4 Nf6 2. c4 e5 3. dxe5 Ng4 4. Bf4 g5 5. Bg3 Bg7 6. Nf3 Nc6 7. Nc3 Ngxe5 8.
Nxe5 Nxe5 9. e3 d6 10. h4 Be6 11. hxg5 Qxg5 12. Nd5 Qd8 13. Bh4 f6 14. Nf4 Qd7
15. Nxe6 Qxe6 16. Qd5 Qxd5 17. cxd5 f5 18. Rc1 c6 19. f4 Ng4 20. dxc6 bxc6 21.
Rxc6 Nxe3 22. Bb5 O-O 23. Kd2 Rab8 24. a4 Rfe8 25. Bf2 Nxg2 26. Rg1 Nxf4 27.
Rc7 Rxb5 28. Rcxg7+ Kf8 29. Rg8+ Kf7 30. R1g7+ Kf6 31. Bh4+ 1-0

[Event "Bahn-SC Wuppertal 1 - SK Münster 1"]
[Site "Oberliga NRW 2019/2020"]
[Date "2019.11.10"]
[Round "3.7"]
[White "Kamp, Christoph"]
[Black "Savchenko, Daniel"]
[Result "1/2-1/2"]
[WhiteElo "2231"]
[BlackElo "2122"]
[PlyCount "218"]
[EventDate "2019.??.??"]
[SourceVersionDate "2020.03.16"]
[WhiteTeam "SK Münster 1"]
[BlackTeam "Bahn-SC Wuppertal 1"]

1. c4 e5 2. Nc3 Nc6 3. Nf3 g6 4. e3 Bg7 5. d4 d6 6. Be2 f5 7. dxe5 Nxe5 8. Nxe5
Bxe5 9. Qc2 Ne7 10. b3 O-O 11. Bb2 f4 12. exf4 Bxf4 13. Bf3 Nc6 14. Bd5+ Kg7
15. Ne2+ Be5 16. Bxc6 Qf6 17. Bxe5 Qxe5 18. Qc3 Qxc3+ 19. Nxc3 bxc6 20. f3 Be6
21. Kf2 Rae8 22. Rhe1 Bd7 23. Rxe8 Rxe8 24. Rd1 Re5 25. Rd2 Bf5 26. g4 Bc8 27.
Na4 d5 28. cxd5 cxd5 29. Nc5 c6 30. Rd4 Re7 31. Rb4 Kf6 32. Rb8 Rc7 33. Ke3 Ke5
34. Nd3+ Kd6 35. Kd4 c5+ 36. Ke3 c4 37. bxc4 dxc4 38. Nb4 Kc5 39. a3 Re7+ 40.
Kd2 Bb7 41. Rf8 Rd7+ 42. Kc2 a5 43. Na2 Rd3 44. Rf7 Bc6 45. Nc3 Rxf3 46. Rxf3
Bxf3 47. g5 Bc6 48. Kd2 Kd4 49. h4 Bd7 50. Ne2+ Ke4 51. Nc3+ Kd4 52. Ne2+ Ke5
53. Ke3 Bf5 54. Nc3 Bc2 55. Nb5 Ba4 56. Nc3 Bc6 57. Ne2 a4 58. Nc3 Kf5 59. Kd4
Kg4 60. Ke5 Kxh4 61. Kf4 Kh3 62. Nd1 Kh2 63. Kg4 Kg1 64. Kf4 Kh2 65. Nc3 Kh3
66. Ne2 Kh4 67. Nc3 Kh5 68. Ne2 Bd7 69. Ng3+ Kh4 70. Ne2 Bf5 71. Nc3 Bc2 72.
Nd5 h6 73. gxh6 g5+ 74. Ke5 Bd3 75. Ne3 c3 76. Nf5+ Bxf5 77. Kxf5 c2 78. h7
c1=Q 79. h8=Q+ Kg3 80. Qd8 Qf4+ 81. Kg6 g4 82. Qd3+ Qf3 83. Qd6+ Kh3 84. Kg5 g3
85. Qd7+ Kh2 86. Qh7+ Kg2 87. Qc2+ Kg1 88. Qb1+ Qf1 89. Qb6+ Kh2 90. Qc7 Qf3
91. Qh7+ Kg1 92. Qb1+ Qf1 93. Qb6+ Kh1 94. Qh6+ Kg2 95. Qc6+ Qf3 96. Qc2+ Kf1
97. Qb1+ Kf2 98. Qc2+ Qe2 99. Qf5+ Kg2 100. Qd5+ Kh2 101. Qd6 Qe3+ 102. Kg4
Qe4+ 103. Kg5 Qh7 104. Kg4 Qg7+ 105. Kh4 Qg8 106. Qe5 Qg6 107. Qe2+ g2 108.
Qe5+ Kh1 109. Qh2+ Kxh2 1/2-1/2

[Event "Bahn-SC Wuppertal 1 - SK Münster 1"]
[Site "Oberliga NRW 2019/2020"]
[Date "2019.11.10"]
[Round "3.8"]
[White "Tueckmantel, Rene"]
[Black "Chilla, Jan Eric"]
[Result "0-1"]
[WhiteElo "2095"]
[BlackElo "2202"]
[PlyCount "86"]
[EventDate "2019.??.??"]
[SourceVersionDate "2020.03.16"]
[WhiteTeam "Bahn-SC Wuppertal 1"]
[BlackTeam "SK Münster 1"]

1. d4 Nf6 2. Bf4 d5 3. e3 e6 4. Nd2 Bd6 5. Bg3 O-O 6. Bd3 b6 7. c3 Bb7 8. Qb1
c5 9. Ngf3 Ba6 10. O-O Bxd3 11. Qxd3 Bxg3 12. hxg3 Nc6 13. Rad1 Qc7 14. e4 cxd4
15. Nxd4 Rad8 16. Nxc6 Qxc6 17. e5 Nd7 18. Nf3 Nc5 19. Qe2 Qa4 20. Nd4 Qxa2 21.
Ra1 Qc4 22. Qxc4 dxc4 23. Rxa7 Nd3 24. Nc6 Ra8 25. Rb7 Nxb2 26. Rxb6 Nd3 27.
Rfb1 g6 28. f4 Ra3 29. Nd4 Rxc3 30. Rc6 Rd8 31. Nb5 Rb3 32. Rxb3 cxb3 33. Na3
Ra8 34. Nc4 b2 35. Nxb2 Nxb2 36. Kh2 h5 37. Rb6 Nd3 38. Rb1 Ra2 39. Rf1 Kg7 40.
Kh3 Nf2+ 41. Kh2 Ng4+ 42. Kh3 Ne3 43. Rg1 Nf5 0-1

[Event "SG Bochum 1 - SV Mülheim-Nord 2"]
[Site "Oberliga NRW 2019/2020"]
[Date "2019.11.10"]
[Round "3.1"]
[White "Hausrath, Daniel"]
[Black "Kotainy, Jens"]
[Result "0-1"]
[WhiteElo "2453"]
[BlackElo "2429"]
[Annotator "daniel"]
[PlyCount "68"]
[EventDate "2019.??.??"]
[SourceVersionDate "2020.03.16"]
[WhiteTeam "SV Mülheim-Nord 2"]
[BlackTeam "SG Bochum 1"]

1. Nf3 f5 2. d3 Nc6 3. d4 d5 4. g3 e6 5. Bg2 Nf6 6. O-O Bd6 7. c4 O-O 8. Nc3 b6
9. cxd5 exd5 10. Nb5 Be7 11. Bf4 Ne8 12. Rc1 Bb7 13. Ne5 Nxe5 14. dxe5 g5 15.
Bd2 c5 16. a4 a6 17. Nc3 Rb8 $11 18. f4 Kh8 19. fxg5 d4 20. Nb1 Bxg2 21. Kxg2
Bxg5 22. Bxg5 Qxg5 23. b4 Qe3 24. Nd2 Qxe5 25. Nf3 Qd5 26. Qd3 Nf6 27. Kg1 Ng4
28. bxc5 bxc5 29. Qxa6 Ne3 30. Rf2 Kg7 31. h3 Rb7 32. Kh2 Rf6 33. Qa8 c4 34.
Nxd4 Ng4+ 0-1

[Event "SG Bochum 1 - SV Mülheim-Nord 2"]
[Site "Oberliga NRW 2019/2020"]
[Date "2019.11.10"]
[Round "3.2"]
[White "Hendriks, Willy"]
[Black "Dinstuhl, Volkmar"]
[Result "1/2-1/2"]
[WhiteElo "2397"]
[BlackElo "2323"]
[PlyCount "67"]
[EventDate "2019.??.??"]
[SourceVersionDate "2020.03.16"]
[WhiteTeam "SG Bochum 1"]
[BlackTeam "SV Mülheim-Nord 2"]

1. g3 e5 2. Bg2 d5 3. c4 d4 4. d3 Bb4+ 5. Bd2 a5 6. Nf3 Nc6 7. O-O Bxd2 8.
Nbxd2 Nf6 9. b3 O-O 10. a3 Re8 11. Qc2 h6 12. Qb2 Qe7 13. Rab1 Bf5 14. Rfe1
Rad8 15. Rbd1 Bh7 16. Qa1 Qc5 17. Qb2 e4 18. dxe4 Nxe4 19. Nxe4 Bxe4 20. Qc1
Bxf3 21. Bxf3 Ne5 22. Bg2 b6 23. Qb2 a4 24. Bd5 axb3 25. Qxb3 c6 26. Bg2 Ra8
27. a4 Re6 28. Rb1 Ra6 29. Rec1 Rf6 30. Rb2 Ng4 31. Rf1 Ne5 32. Rc1 Ng4 33. Rf1
Ne5 34. Rc1 1/2-1/2

[Event "SG Bochum 1 - SV Mülheim-Nord 2"]
[Site "Oberliga NRW 2019/2020"]
[Date "2019.11.10"]
[Round "3.3"]
[White "Stillger, Bernhard"]
[Black "Tkachuk, Konstantyn"]
[Result "1/2-1/2"]
[WhiteElo "2233"]
[BlackElo "2294"]
[PlyCount "30"]
[EventDate "2019.??.??"]
[SourceVersionDate "2020.03.16"]
[WhiteTeam "SV Mülheim-Nord 2"]
[BlackTeam "SG Bochum 1"]

1. Nf3 g6 2. d4 Nf6 3. g3 Bg7 4. Bg2 O-O 5. O-O d6 6. b3 c6 7. Bb2 Nbd7 8. Re1
Qc7 9. e4 e5 10. dxe5 dxe5 11. a4 Re8 12. a5 Nf8 13. Nbd2 Bg4 14. Nc4 Rad8 15.
Qc1 N6d7 1/2-1/2

[Event "SG Bochum 1 - SV Mülheim-Nord 2"]
[Site "Oberliga NRW 2019/2020"]
[Date "2019.11.10"]
[Round "3.4"]
[White "Hengelbrock, Joachim"]
[Black "Baltic, Fatih"]
[Result "1/2-1/2"]
[WhiteElo "2271"]
[BlackElo "2205"]
[Annotator "daniel"]
[PlyCount "22"]
[EventDate "2019.??.??"]
[SourceVersionDate "2020.03.16"]
[WhiteTeam "SG Bochum 1"]
[BlackTeam "SV Mülheim-Nord 2"]

1. Nf3 Nf6 2. d4 d5 3. e3 c5 4. Bd3 Nc6 5. c3 g6 6. Nbd2 Bg7 7. O-O Nd7 8. Bb5
$11 O-O 9. Nb3 Qb6 10. Be2 Rd8 11. a4 cxd4 1/2-1/2

[Event "SG Bochum 1 - SV Mülheim-Nord 2"]
[Site "Oberliga NRW 2019/2020"]
[Date "2019.11.10"]
[Round "3.5"]
[White "Kahleys, Kevin"]
[Black "Tkachuk, Sergij"]
[Result "0-1"]
[WhiteElo "2177"]
[BlackElo "2213"]
[PlyCount "98"]
[EventDate "2019.??.??"]
[SourceVersionDate "2020.03.16"]
[WhiteTeam "SV Mülheim-Nord 2"]
[BlackTeam "SG Bochum 1"]

1. d4 Nf6 2. Nf3 g6 3. g3 Bg7 4. Bg2 O-O 5. O-O c6 6. c4 d6 7. Nc3 Qc7 8. e4 e5
9. h3 a5 10. Be3 Na6 11. Rc1 Bd7 12. c5 dxc5 13. dxe5 Ne8 14. Na4 Rd8 15. Qe2
Qc8 16. Rfd1 Be6 17. Rxd8 Qxd8 18. Nxc5 Nxc5 19. Bxc5 Bxa2 20. Rd1 Qc7 21. Qe3
Be6 22. Bb6 Qe7 23. Qc3 Qb4 24. Qxb4 axb4 25. Bc5 Nc7 26. Bxf8 Kxf8 27. Rd8+
Ke7 28. Rb8 b5 29. Nd4 c5 30. Nxe6 Kxe6 31. f4 c4 32. Rb6+ Kd7 33. Rd6+ Kc8 34.
h4 Bf8 35. Bh3+ Kb7 36. Rd8 c3 37. Rd1 c2 38. Rc1 b3 39. Kf2 Ba3 40. Ke3 Bxb2
41. Kd2 Bxc1+ 42. Kxc1 Na6 43. e6 Nb4 44. e7 Na2+ 45. Kb2 c1=Q+ 46. Kxb3 Qc4+
47. Kb2 Qxe4 48. Bg2 Qxg2+ 49. Ka3 Qe4 0-1

[Event "SG Bochum 1 - SV Mülheim-Nord 2"]
[Site "Oberliga NRW 2019/2020"]
[Date "2019.11.10"]
[Round "3.6"]
[White "Werthebach, Felix"]
[Black "Hoenig, Alexander"]
[Result "1-0"]
[WhiteElo "2166"]
[BlackElo "2182"]
[PlyCount "81"]
[EventDate "2019.??.??"]
[SourceVersionDate "2020.03.16"]
[WhiteTeam "SG Bochum 1"]
[BlackTeam "SV Mülheim-Nord 2"]

1. c4 c6 2. g3 d5 3. Bg2 Nf6 4. Nf3 Bf5 5. O-O e6 6. d3 dxc4 7. dxc4 Qxd1 8.
Rxd1 Be7 9. Bf4 h6 10. Nc3 Ne4 11. Be5 Rg8 12. Nxe4 Bxe4 13. Rd4 Bxf3 14. Bxf3
Nd7 15. Bc7 Rc8 16. Bd6 Bxd6 17. Rxd6 Ne5 18. c5 Nxf3+ 19. exf3 Ke7 20. Rad1
Rgd8 21. f4 Rxd6 22. Rxd6 Rd8 23. Rxd8 Kxd8 24. Kg2 Ke7 25. Kf3 f5 26. Ke3 Kf6
27. Kd4 h5 28. h3 Ke7 29. Ke5 Kd7 30. f3 Ke7 31. g4 fxg4 32. fxg4 hxg4 33. hxg4
Kd7 34. f5 exf5 35. Kxf5 Ke7 36. Kg6 Kf8 37. b4 Kg8 38. a4 Kf8 39. Kh7 Kf7 40.
g5 b6 41. cxb6 1-0

[Event "SG Bochum 1 - SV Mülheim-Nord 2"]
[Site "Oberliga NRW 2019/2020"]
[Date "2019.11.10"]
[Round "3.7"]
[White "Bus, Tom"]
[Black "Backwinkel, Paul"]
[Result "0-1"]
[WhiteElo "2095"]
[BlackElo "2227"]
[Annotator "daniel"]
[PlyCount "52"]
[EventDate "2019.??.??"]
[SourceVersionDate "2020.03.16"]
[WhiteTeam "SV Mülheim-Nord 2"]
[BlackTeam "SG Bochum 1"]

1. Nf3 d5 2. g3 c6 3. Bg2 Bg4 4. c4 e6 5. O-O Nd7 6. cxd5 exd5 7. h3 Bh5 8. Nc3
Ngf6 9. d3 Bd6 10. Qc2 O-O 11. Bg5 h6 12. Bd2 Re8 13. Rfe1 Bg6 14. Rab1 Ne5 15.
b4 Nxf3+ 16. Bxf3 Qd7 17. Bg2 Re7 18. Na4 Rae8 19. Bc3 Be5 20. Nc5 $11 Qc8 21.
Bxe5 Rxe5 22. Rbc1 Bf5 23. Kh2 Bxh3 24. Bf3 Bg4 25. Rh1 Bxf3 26. exf3 Re2 0-1

[Event "SG Bochum 1 - SV Mülheim-Nord 2"]
[Site "Oberliga NRW 2019/2020"]
[Date "2019.11.10"]
[Round "3.8"]
[White "Mazarov, Juergen"]
[Black "Voss, Gunther"]
[Result "1/2-1/2"]
[WhiteElo "2040"]
[BlackElo "2068"]
[PlyCount "23"]
[EventDate "2019.??.??"]
[SourceVersionDate "2020.03.16"]
[WhiteTeam "SG Bochum 1"]
[BlackTeam "SV Mülheim-Nord 2"]

1. e4 c5 2. Nf3 d6 3. d4 cxd4 4. Nxd4 Nf6 5. Nc3 a6 6. f3 e5 7. Nb3 Be7 8. Be3
Be6 9. Be2 O-O 10. O-O Nbd7 11. Qd2 Nb6 12. Kh1 1/2-1/2

[Event "SF Essen-Katernberg  1 - SV Wattenschei"]
[Site "Oberliga NRW 2019/2020"]
[Date "2019.11.10"]
[Round "3.1"]
[White "Koscielski, Janusz"]
[Black "Tomic, Bosko"]
[Result "1/2-1/2"]
[WhiteElo "2217"]
[BlackElo "2367"]
[PlyCount "40"]
[EventDate "2019.??.??"]
[SourceVersionDate "2020.03.16"]
[WhiteTeam "SV Wattenscheid 1"]
[BlackTeam "SF Essen-Katernberg  1"]

1. e4 c5 2. Nf3 e6 3. d4 cxd4 4. Nxd4 a6 5. Bd3 Qc7 6. O-O Nc6 7. Nxc6 dxc6 8.
Qe2 e5 9. a4 Nf6 10. a5 Bb4 11. Bd2 Bxd2 12. Nxd2 O-O 13. Bc4 Re8 14. Nb3 Be6
15. Rfd1 Bxc4 16. Qxc4 Rad8 17. Qe2 Rxd1+ 18. Rxd1 Rd8 19. Rxd8+ Qxd8 20. Qd3
Qc7 1/2-1/2

[Event "SF Essen-Katernberg  1 - SV Wattenschei"]
[Site "Oberliga NRW 2019/2020"]
[Date "2019.11.10"]
[Round "3.2"]
[White "Kueppers, Timo"]
[Black "Franke, Johannes"]
[Result "0-1"]
[WhiteElo "2289"]
[BlackElo "2244"]
[PlyCount "74"]
[EventDate "2019.??.??"]
[SourceVersionDate "2020.03.16"]
[WhiteTeam "SF Essen-Katernberg  1"]
[BlackTeam "SV Wattenscheid 1"]

1. c4 c6 2. e4 d5 3. exd5 cxd5 4. cxd5 Nf6 5. Bb5+ Nbd7 6. Nc3 a6 7. Bc4 b5 8.
Bb3 Bb7 9. Nf3 Nc5 10. Bc2 Nxd5 11. O-O e6 12. Re1 Nb4 13. Ne5 Nxc2 14. Qxc2
Qd4 15. Re3 Bd6 16. Ne2 Qh4 17. g3 Qe7 18. d4 Nd7 19. Nf4 Rc8 20. Qe2 Nb6 21.
Neg6 hxg6 22. Nxe6 Rxh2 23. d5 Rh1+ 24. Kxh1 Bxd5+ 25. Kg1 Bxe6 26. Re4 Kf8 27.
Be3 Nc4 28. Bd4 Bc5 29. Rh4 Kg8 30. Rd1 Bxd4 31. Rhxd4 Qg5 32. b3 Ne5 33. Re1
Ng4 34. Qf3 Qh5 35. Qg2 Qg5 36. Qb7 Qh5 37. Rd2 Ne5 0-1

[Event "SF Essen-Katernberg  1 - SV Wattenschei"]
[Site "Oberliga NRW 2019/2020"]
[Date "2019.11.10"]
[Round "3.3"]
[White "Straeter, Timo"]
[Black "Rosen, Bernd"]
[Result "1/2-1/2"]
[WhiteElo "2316"]
[BlackElo "2293"]
[PlyCount "82"]
[EventDate "2019.??.??"]
[SourceVersionDate "2020.03.16"]
[WhiteTeam "SV Wattenscheid 1"]
[BlackTeam "SF Essen-Katernberg  1"]

1. d4 Nf6 2. c4 c5 3. d5 e5 4. Nc3 d6 5. e4 Nbd7 6. Be2 Be7 7. Nf3 O-O 8. h3 a6
9. a3 Rb8 10. Rb1 Ne8 11. Be3 g6 12. h4 Ndf6 13. Nd2 Ng7 14. b4 cxb4 15. axb4
a5 16. Na4 Nd7 17. bxa5 Ra8 18. g3 Qxa5 19. Nb6 Nxb6 20. Bxb6 Qa2 21. c5 dxc5
22. Nc4 Qa4 23. d6 Bd8 24. O-O Be6 25. Qc1 Qc6 26. Nxe5 Qxe4 27. Qe3 Qxe3 28.
fxe3 Bxb6 29. Rxb6 Nf5 30. Kf2 Ra3 31. Rc1 Rd8 32. d7 Nxg3 33. Bf3 Nf5 34. Rxc5
Ra2+ 35. Ke1 Kg7 36. Rxe6 fxe6 37. Rc8 Ra8 38. Bxb7 Raxc8 39. dxc8=Q Rxc8 40.
Bxc8 Nxe3 41. Nf3 Kf6 1/2-1/2

[Event "SF Essen-Katernberg  1 - SV Wattenschei"]
[Site "Oberliga NRW 2019/2020"]
[Date "2019.11.10"]
[Round "3.4"]
[White "Bee, Marcus"]
[Black "Wengenroth, Walter"]
[Result "1/2-1/2"]
[WhiteElo "2169"]
[BlackElo "2229"]
[PlyCount "55"]
[EventDate "2019.??.??"]
[SourceVersionDate "2020.03.16"]
[WhiteTeam "SF Essen-Katernberg  1"]
[BlackTeam "SV Wattenscheid 1"]

1. Nf3 Nf6 2. c4 e6 3. g3 d5 4. Bg2 Be7 5. O-O O-O 6. d4 dxc4 7. Qc2 a6 8. a4
Bd7 9. Qxc4 Bc6 10. Bg5 a5 11. Nc3 Bxf3 12. Bxf3 c6 13. Rfd1 Na6 14. Rac1 Nb4
15. e4 Nd7 16. Be3 Bg5 17. Qe2 Bxe3 18. Qxe3 e5 19. dxe5 Qe7 20. Be2 Nxe5 21.
f4 Nd7 22. Rd2 Rfd8 23. Rcd1 Nf6 24. Qb6 Rxd2 25. Rxd2 g6 26. Bf3 Nfd5 27. Qd4
Nxc3 28. Qxc3 1/2-1/2

[Event "SF Essen-Katernberg  1 - SV Wattenschei"]
[Site "Oberliga NRW 2019/2020"]
[Date "2019.11.10"]
[Round "3.5"]
[White "Sandkamp, Ralph"]
[Black "Schimnatkowski, Lukas"]
[Result "0-1"]
[WhiteElo "2192"]
[BlackElo "2167"]
[PlyCount "74"]
[EventDate "2019.??.??"]
[SourceVersionDate "2020.03.16"]
[WhiteTeam "SV Wattenscheid 1"]
[BlackTeam "SF Essen-Katernberg  1"]

1. e4 c5 2. Nc3 a6 3. Nf3 d6 4. d4 cxd4 5. Nxd4 g6 6. Be3 Nf6 7. f3 Bg7 8. Qd2
Nbd7 9. g4 b5 10. g5 Nh5 11. a4 b4 12. Nd5 Bb7 13. Qxb4 Rb8 14. Qd2 O-O 15. Ra2
Ne5 16. Be2 e6 17. Nc3 d5 18. exd5 Bxd5 19. Nxd5 Qxd5 20. b3 Ng4 21. Bc4 Qb7
22. Bxa6 Qa8 23. fxg4 Qxh1+ 24. Bf1 e5 25. Nb5 Nf4 26. Bxf4 exf4 27. Qg2 Qxg2
28. Bxg2 f5 29. gxf6 Bxf6 30. Bd5+ Kg7 31. c4 f3 32. Nc7 Bh4+ 33. Kf1 Rxb3 34.
Ne6+ Kh8 35. Ra1 Rfb8 36. Be4 Re3 37. Bd5 f2 0-1

[Event "SF Essen-Katernberg  1 - SV Wattenschei"]
[Site "Oberliga NRW 2019/2020"]
[Date "2019.11.10"]
[Round "3.6"]
[White "Villwock, Martin"]
[Black "Hirsch, Stefan"]
[Result "0-1"]
[WhiteElo "2075"]
[BlackElo "2119"]
[PlyCount "100"]
[EventDate "2019.??.??"]
[SourceVersionDate "2020.03.16"]
[WhiteTeam "SF Essen-Katernberg  1"]
[BlackTeam "SV Wattenscheid 1"]

1. e4 e5 2. Nf3 Nc6 3. Bb5 a6 4. Ba4 Nf6 5. O-O Be7 6. Qe2 b5 7. Bb3 O-O 8. c3
d6 9. d4 Nd7 10. Rd1 Bf6 11. Be3 Na5 12. Bc2 Nc4 13. Bc1 c5 14. b3 Na5 15. dxc5
dxc5 16. Be3 Qc7 17. Nbd2 Nc6 18. Rac1 Nd8 19. Nf1 Ne6 20. g3 Bb7 21. h4 Bc6
22. Ng5 Rfe8 23. Qh5 Ndf8 24. Nh2 g6 25. Qf3 Bg7 26. Ng4 f5 27. Nh6+ Bxh6 28.
Nxe6 Nxe6 29. Bxh6 f4 30. Qg4 Bd7 31. gxf4 exf4 32. Rd5 Bc8 33. Bd1 Bb7 34. Bf3
Bxd5 35. exd5 Ng7 36. d6 Qxd6 37. Rd1 Qf6 38. Bxa8 Rxa8 39. Rd7 Nf5 40. Qf3 Re8
41. Bg5 Qe6 42. Ra7 h6 43. Bxf4 Nxh4 44. Qg3 g5 45. Be3 Qd5 46. Rxa6 Qd1+ 47.
Kh2 Nf3+ 48. Kg2 Rf8 49. Bf4 Rxf4 50. Ra8+ Kf7 0-1

[Event "SF Essen-Katernberg  1 - SV Wattenschei"]
[Site "Oberliga NRW 2019/2020"]
[Date "2019.11.10"]
[Round "3.7"]
[White "Koerber, Matthias"]
[Black "Dahm, Bernd"]
[Result "1/2-1/2"]
[WhiteElo "2180"]
[BlackElo "2104"]
[PlyCount "42"]
[EventDate "2019.??.??"]
[SourceVersionDate "2020.03.16"]
[WhiteTeam "SV Wattenscheid 1"]
[BlackTeam "SF Essen-Katernberg  1"]

1. d4 Nf6 2. c4 e6 3. Nf3 b6 4. Nc3 Bb7 5. a3 g6 6. Qc2 Bg7 7. e4 d6 8. Bd3
Nbd7 9. h3 e5 10. Bg5 h6 11. Be3 exd4 12. Nxd4 Nc5 13. O-O O-O 14. f3 Nxd3 15.
Qxd3 Re8 16. Nd5 c6 17. Nf4 d5 18. exd5 cxd5 19. cxd5 Nxd5 20. Nxd5 Qxd5 21.
Rfd1 Rad8 1/2-1/2